| 000 | 00532nam a2200193Ia 4500 | ||
|---|---|---|---|
| 008 | 240510s9999 xx 000 0 und d | ||
| 020 | _a9781420082814 | ||
| 041 | _aEng | ||
| 082 | _a658.403 | ||
| 082 | _bH14 | ||
| 100 | _aHALLE,BARBARA VON; GOLDBERG,LARRY | ||
| 245 | 4 | _aThe Decision Model: A Business Logic Framework Linking Business and Technology | |
| 260 | _bUSA:AUERBACH Publications | ||
| 260 | _c2010 | ||
| 300 | _a521 p. | ||
| 650 | _aBusiness-Decision Making:Data Processing | ||
| 942 | _2ddc | ||
| 942 | _cRBK | ||
| 999 |
_c29593 _d29593 |
||
| 945 |
_a1 _bMadushi Gamage _c1 _dMadushi Gamage |
||